| 000 | 00574nam a22002057a 4500 | ||
|---|---|---|---|
| 999 |
_c6040 _d6040 |
||
| 003 | GBCCL | ||
| 005 | 20241126110554.0 | ||
| 008 | 180423b ||||| |||| 00| 0 eng d | ||
| 040 | _cgbc | ||
| 082 |
_a248.83 _bSPI |
||
| 100 |
_aSpink, James F. _910892 |
||
| 245 |
_aA good soldier of Jesus Christ / _cJames F. Spink |
||
| 246 | _aThe young Christian's guide | ||
| 250 | _a2nd ed. | ||
| 260 |
_aNew York: _bLoizeaux Brothers, Bible Truth Depot |
||
| 300 |
_a64 p.; _c18 cm. |
||
| 650 |
_aChristian life _9183 |
||
| 650 |
_aYouth _xReligious life _9460 |
||
| 942 |
_2ddc _cBK _01 |
||